| 000 | 01415nam a2200325 i 4500 | ||
|---|---|---|---|
| 003 | CSPC | ||
| 005 | 20231117165115.0 | ||
| 008 | 231114s2021 sz a b 001 0 eng d | ||
| 020 | _a9781681739663 | ||
| 040 |
_cCSPC _aCSPC _beng |
||
| 050 | 4 | _aQ325.5 | |
| 082 | 0 | 4 |
_a006.31 _bR618d _223 |
| 100 | 1 |
_aRodriguez, Andres, _eauthor. |
|
| 245 | 1 | 0 |
_aDeep learning systems : _balgorithms, compilers, and processors for large-scale production / _cAndres Rodriguez. |
| 264 | 1 |
_aCham, Switzerland : _bMorgan & Claypool, _c2021. |
|
| 300 |
_axx, 245 pages : _bcolor illustrations ; _c24 cm. |
||
| 336 |
_2rdacontent _atext |
||
| 337 |
_2rdamedia _aunmediated |
||
| 338 |
_2rdacarrier _avolume |
||
| 490 | _aSynthesis lectures on computer architecture | ||
| 504 | _aIncludes bibliographical references. | ||
| 505 | 0 | _aIntroduction -- Building blocks -- Models and applications -- Training a Model -- Distributed training -- Reducing the model size -- Hardware -- Compiler Optimizations -- Frameworks and compilers -- Opportunities and challenges. | |
| 650 | 0 | _aMachine learning. | |
| 650 | 0 | _aArtificial intelligence. | |
| 650 | 0 | _aCompilers (Computer programs) | |
| 650 | 0 | _aComputer algorithms. | |
| 650 | 0 |
_aArtificial intelligence _xData processing. |
|
| 942 |
_2ddc _cBK _h006.31 _iR618d _kGRD _m2021 _n0 |
||
| 999 |
_c26505 _d26505 |
||